| 000 -CABECERA |
| Longitud fija campo de control |
00569nam a2200181 a 4500 |
| 001 - NÚMERO DE CONTROL |
| Número de control |
2363 |
| 003 - IDENTIFICADOR DEL NÚMERO DE CONTROL |
| Identificador del número de control |
CDMR |
| 005 - FECHA Y HORA DE LA ÚLTIMA TRANSACCIÓN |
| Fecha y hora de la última transacción |
20131001100910.0 |
| 008 - CÓDIGOS DE INFORMACIÓN DE LONGITUD FIJA |
| Códigos de información de longitud fija |
130130s1993||||||||||||||||||||||||||||d |
| 040 ## - FUENTE DE LA CATALOGACIÓN |
| Centro catalogador de origen |
CDMR |
| Lengua de catalogación |
cat |
| Centro transcriptor |
CDMR |
| 100 1# - PUNTO DE ACCESO PRINCIPAL-NOMBRE DE PERSONA |
| Nombre de persona |
Rojas Vera, Luís Rodolfo |
| 9 (RLIN) |
1764 |
| 245 13 - MENCIÓN DE TÍTULO |
| Título |
La telenovela venezolana |
| Resto del título |
: el éxito de un negocio comunicacional |
| Mención de responsabilidad, etc. |
Luís Rodolfo Rojas Vera |
| 260 ## - PUBLICACIÓN, DISTRIBUCIÓN, ETC. (PIE DE IMPRENTA) |
| Lugar de publicación, distribución, etc. |
Maracaibo (Venezuela) |
| Fecha de publicación, distribución, etc. |
1993 |
| Nombre del editor, distribuidor, etc. |
IMMECA, imp. |
| 300 ## - DESCRIPCIÓN FÍSICA |
| Extensión |
87 p ; |
| Dimensiones |
22 cm |
| 650 04 - PUNTO DE ACCESO ADICIONAL DE MATERIA - TÉRMINO DE MATERIA |
| 9 (RLIN) |
3122 |
| Término de materia o nombre geográfico como elemento inicial |
Televisió |
| Subdivisión de materia general |
Programes |
| Subdivisión geográfica |
Veneçuela |
| 650 04 - PUNTO DE ACCESO ADICIONAL DE MATERIA - TÉRMINO DE MATERIA |
| 9 (RLIN) |
3804 |
| Término de materia o nombre geográfico como elemento inicial |
Sèries televisives |
| 942 ## - ENTRADA DE ELEMENTOS AGREGADOS (KOHA) |
| Koha [por defecto] tipo de item |
Monografies |
| Fuente de clasificaión o esquema |
|